[Event "34th Chess Olympiad (women)"]
[Site "Istanbul"]
[Date "2000.11.01"]
[Round "5.31.3"]
[White "Bryskine, Marina"]
[Black "Hassan, Jawaher"]
[WhiteElo "2200"]
[BlackElo "2000"]
[WhiteCountry "CAN"]
[BlackCountry "UAE"]
[Result "1/2-1/2"]

1. e4 e5 2. Nf3 Nc6 3. Bb5 Nge7 4. O-O g6 5. d4 exd4 6. Nxd4 Bg7 7. c3 O-O 
8. Be3 d5 9. Nd2 Bd7 10. Nxc6 Bxc6 11. Bxc6 Nxc6 12. Qb3 d4 13. cxd4 Nxd4 
14. Qd1 Qf6 15. f4 Rad8 16. e5 Qe6 17. Bxd4 Rxd4 18. Qc2 Rfd8 19. Nb3 Rc4 
20. Qf2 a6 21. Rad1 Qe7 22. Qe2 Rxd1 23. Qxc4 Rd8 24. Rc1 c6 25. Re1 Qh4 
26. g3 Qh3 27. Nd4 h5 28. Nf3 Qd7 29. e6 Qd5 30. exf7+ Kxf7 31. Ng5+ Kg8 
32. Qxd5+ cxd5 33. b3 Bf6 34. Nf3 Kf7 35. Rd1 d4 36. Rd3 Ke6 37. Kf2 Kd5 
38. Ke2 Rc8 39. Kd2 Ke4 40. Ne1 Rc5 41. Ke2 Rc1 42. Rd2 b6 43. Nd3 Rc3 
44. Nf2+ Kf5 
1/2-1/2

[Event "34th Chess Olympiad (women)"]
[Site "Istanbul"]
[Date "2000.11.01"]
[Round "5.32.1"]
[White "Tan, Winnie"]
[Black "Mateus, Martha"]
[WhiteElo "2000"]
[BlackElo "2318"]
[WhiteCountry "SIN"]
[BlackCountry "COL"]
[Result "0-1"]

1. e4 c5 2. Nf3 d6 3. Be2 Nf6 4. c3 Nc6 5. d4 cxd4 6. cxd4 Qa5+ 7. Nc3 Nxe4 
8. O-O Nxc3 9. bxc3 e5 10. d5 Nd8 11. Qb3 Bd7 12. a4 Rc8 13. Bd2 Be7 14. c4 Qc7 
15. Ng5 O-O 16. Qg3 f5 17. f4 Bf6 18. Qh4 h6 19. Ra3 Qc5+ 20. Be3 Qxa3 
21. Rf3 Qa1+ 22. Kf2 exf4 23. Bxf4 Qd4+ 24. Kf1 hxg5 25. Qg3 gxf4 26. Qe1 Re8 
27. Rd3 Qxd3 
0-1

[Event "34th Chess Olympiad (women)"]
[Site "Istanbul"]
[Date "2000.11.01"]
[Round "5.32.2"]
[White "Palao, Maricela"]
[Black "Xu, Yaping"]
[WhiteElo "2159"]
[BlackElo "2000"]
[WhiteCountry "COL"]
[BlackCountry "SIN"]
[Result "1-0"]

1. d4 c5 2. d5 Nf6 3. c4 e6 4. Nc3 exd5 5. cxd5 g6 6. e4 d6 7. f4 Bg7 
8. Nf3 O-O 9. Be2 b5 10. e5 dxe5 11. fxe5 Ng4 12. Bg5 Qb6 13. O-O c4+ 
14. Kh1 Nf2+ 15. Rxf2 Qxf2 16. Nxb5 Qc5 17. Nd6 Qc7 18. Nxc4 Ba6 19. Rc1 Qd7 
20. Qd2 Rc8 21. b3 Bb7 22. Rd1 Rc5 23. Ne3 Na6 24. b4 Rcc8 25. Nc4 Bf8 
26. d6 Re8 27. Na5 Bc8 28. Rc1 Nb8 29. Qd5 h6 30. Bf6 Ba6 31. b5 Bxd6 
32. Qxa8 Ba3 33. Rd1 Qc7 34. Qd5 Qxa5 35. bxa6 Qb6 36. Bc4 Rf8 37. Qd3 Kh7 
38. Qxa3 Rc8 39. Ng5+ 
1-0

[Event "34th Chess Olympiad (women)"]
[Site "Istanbul"]
[Date "2000.11.01"]
[Round "5.32.3"]
[White "Liu, Yang"]
[Black "Ortiz, Nadya"]
[WhiteElo "2000"]
[BlackElo "2000"]
[WhiteCountry "SIN"]
[BlackCountry "COL"]
[Result "0-1"]

1. d4 Nf6 2. c4 g6 3. Nf3 Bg7 4. g3 O-O 5. Bg2 d6 6. O-O Nbd7 7. Nc3 e5 
8. d5 a5 9. h3 Nc5 10. b3 Nh5 11. e4 f5 12. Nd2 Nf6 13. Ba3 Ncxe4 
14. Ncxe4 fxe4 15. Nxe4 Nxe4 16. Bxe4 Bxh3 17. Bg2 Qd7 18. Kh2 Bxg2 19. Kxg2 e4 
20. Rb1 Rf3 21. Bb2 Qg4 22. Bxg7 Kxg7 23. Qd4+ Kg8 24. Rbe1 Rf4 25. Kh2 Raf8 
26. gxf4 Rf5 
0-1

[Event "34th Chess Olympiad (women)"]
[Site "Istanbul"]
[Date "2000.11.01"]
[Round "5.33.1"]
[White "Mahini, Mona"]
[Black "Monterroso Ochoa, Karla"]
[WhiteElo "2018"]
[BlackElo "2000"]
[WhiteCountry "IRI"]
[BlackCountry "GUA"]
[Result "1-0"]

1. e4 e5 2. Bc4 Nf6 3. d3 c6 4. Nf3 Qc7 5. Nc3 Be7 6. O-O O-O 7. a4 a5 
8. Bg5 d6 9. Ba2 Nbd7 10. d4 Re8 11. d5 Nc5 12. Nd2 Bg4 13. f3 Bh5 14. Qe2 Ncd7 
15. Kh1 Bg6 16. Be3 Nh5 17. g3 Kh8 18. Rg1 Nhf6 19. Nf1 Nb6 20. Qf2 Bd8 
21. Rd1 c5 22. Nd2 Qd7 23. Bc4 Nxc4 24. Nxc4 Bc7 25. g4 Ng8 26. Qg3 Ne7 
27. h4 f6 28. Rd2 Nc8 29. h5 Bf7 30. g5 f5 31. Qh3 g6 32. exf5 Qxf5 
33. Qxf5 gxf5 34. g6 hxg6 35. hxg6 
1-0

[Event "34th Chess Olympiad (women)"]
[Site "Istanbul"]
[Date "2000.11.01"]
[Round "5.33.2"]
[White "Castillo Melendez, Dina"]
[Black "Pourkashiyan, Atousa"]
[WhiteElo "2071"]
[BlackElo "2000"]
[WhiteCountry "GUA"]
[BlackCountry "IRI"]
[Result "1/2-1/2"]

1. e4 e5 2. Nf3 Nf6 3. Nc3 Bb4 4. Bc4 O-O 5. d3 d5 6. exd5 Nxd5 7. O-O Nxc3 
8. bxc3 Bxc3 9. Rb1 Nc6 10. Ng5 h6 11. Ne4 Bb4 12. Qh5 Be7 13. Bxh6 gxh6 
14. Qg6+ Kh8 15. Qxh6+ Kg8 16. Qg6+ Kh8 17. Qh6+ 
1/2-1/2

[Event "34th Chess Olympiad (women)"]
[Site "Istanbul"]
[Date "2000.11.01"]
[Round "5.33.3"]
[White "Khachatorian, Yarazik"]
[Black "Martinez Porras, Ingrid"]
[WhiteElo "2000"]
[BlackElo "2104"]
[WhiteCountry "IRI"]
[BlackCountry "GUA"]
[Result "0-1"]

1. e4 e6 2. d3 d5 3. Nd2 c5 4. Ngf3 Nc6 5. g3 g6 6. Bg2 Bg7 7. O-O Nf6 
8. Re1 O-O 9. c3 d4 10. c4 e5 11. Rf1 h6 12. Ne1 Nh7 13. f4 f6 14. Ndf3 Rf7 
15. Bd2 g5 16. Kh1 Rb8 17. Ng1 b5 18. b3 b4 19. Bh3 Bxh3 20. Nxh3 Qd7 
21. Qh5 Rff8 22. Nf2 Qf7 23. Qf3 Qe6 24. Qg2 Rf7 25. Nf3 a5 26. fxg5 fxg5 
27. g4 Rbf8 28. Ng1 Ne7 29. h3 Ng6 30. Rae1 Nh4 31. Qh2 Rf6 32. Re2 R8f7 
33. Rc1 Nf8 34. Be1 Nfg6 35. Rd2 Nf3 36. Nxf3 Rxf3 37. Rcd1 Qf6 38. Re2 Nh4 
39. Rdd2 Rf4 40. Rc2 Nf3 41. Qg3 Nxe1 42. Rxe1 Rxf2 43. Rxf2 Qxf2 44. Qxf2 Rxf2 
45. Ra1 Rd2 
0-1

[Event "34th Chess Olympiad (women)"]
[Site "Istanbul"]
[Date "2000.11.01"]
[Round "5.34.1"]
[White "Gretarsdottir, Lilja"]
[Black "Al-Sherkh Khade, Wasila"]
[WhiteElo "2000"]
[BlackElo "2000"]
[WhiteCountry "ISL"]
[BlackCountry "SYR"]
[Result "1/2-1/2"]

1. e4 c6 2. d4 d5 3. Nc3 dxe4 4. Nxe4 Nd7 5. Nf3 Ngf6 6. Nxf6+ Nxf6 7. Be2 g6 
8. O-O Bg7 9. Re1 O-O 10. c3 Re8 11. Bc4 Nd5 12. Bg5 Bf6 13. Bxf6 exf6 
14. Qb3 Rxe1+ 15. Rxe1 b6 16. Nd2 Be6 17. Qd1 Qd7 18. Qf3 f5 19. Qg3 f6 
20. h4 Kg7 21. Bb3 Rd8 
1/2-1/2

[Event "34th Chess Olympiad (women)"]
[Site "Istanbul"]
[Date "2000.11.01"]
[Round "5.34.2"]
[White "Khalifeh, Diana"]
[Black "Kristinsdottir, A"]
[WhiteElo "2000"]
[BlackElo "2025"]
[WhiteCountry "SYR"]
[BlackCountry "ISL"]
[Result "1/2-1/2"]

1. e4 e6 2. d3 d5 3. Nd2 Nf6 4. Ngf3 Bc5 5. e5 Nfd7 6. d4 Bb6 7. Nb3 c5 
8. c3 Nc6 9. Be3 cxd4 10. cxd4 Ba5+ 11. Nxa5 Qxa5+ 12. Bd2 Qb6 13. Bc3 O-O 
14. Bd3 f6 15. O-O fxe5 16. dxe5 Qd8 17. Qc2 h6 18. Rae1 Rxf3 19. gxf3 d4 
20. Bd2 Ndxe5 21. Be4 d3 22. Qd1 Qf6 23. f4 Nc4 24. Bc3 Qxf4 25. Qxd3 Qg5+ 
26. Qg3 e5 27. Qxg5 hxg5 28. Bd5+ Kh7 29. Bxc4 Bh3 30. Re3 Bxf1 31. Kxf1 Rd8 
32. Bf7 g6 33. Bxe5 Nxe5 34. Rxe5 Kg7 35. Bb3 Kf6 36. Rd5 Rc8 37. Ke2 Rh8 
38. Rd7 g4 39. Rxb7 Rxh2 40. Rf7+ Kg5 41. Bd5 a5 42. a3 Kh6 43. Be4 Rh5 
44. Kd3 a4 45. Rf6 Rh3+ 46. Kd4 Rb3 47. Rxg6+ Kh5 48. Ra6 Rxb2 49. Rxa4 Rxf2 
50. Ra8 Ra2 51. a4 g3 52. a5 Kh6 53. Bd5 Ra1 54. a6 Kg7 55. a7 Kh7 56. Kc5 Ra6 
1/2-1/2

[Event "34th Chess Olympiad (women)"]
[Site "Istanbul"]
[Date "2000.11.01"]
[Round "5.34.3"]
[White "Larusdottir, Aldis"]
[Black "Mir Mahmoud, Afamia"]
[WhiteElo "2000"]
[BlackElo "2000"]
[WhiteCountry "ISL"]
[BlackCountry "SYR"]
[Result "0-1"]

1. e4 c5 2. Nc3 Nc6 3. f4 d6 4. Nf3 e6 5. d4 cxd4 6. Nxd4 Nf6 7. Be2 a6 
8. Be3 Qc7 9. O-O Be7 10. Kh1 O-O 11. Rf3 Nxd4 12. Bxd4 e5 13. Be3 Bg4 
14. Rg3 Bxe2 15. Qxe2 Rfe8 16. Rf1 Kh8 17. fxe5 dxe5 18. Bg5 Rac8 19. Rh3 Qc4 
20. Qf3 Rc6 21. Qf5 Qe6 22. Qf3 Rf8 23. Qg3 Ng8 24. Qh4 h6 25. Bxe7 Nxe7 
26. Rhf3 Rd6 27. Qf2 Kg8 28. Rg3 Rfd8 29. Re3 Rd2 30. Re2 R2d4 31. h3 b5 
32. a3 b4 33. axb4 Rxb4 34. b3 Rbd4 35. Na4 f6 36. Qe3 Ng6 37. Rff2 Qd6 
38. Qc3 Nf4 39. Re1 Ne6 40. Nb2 Ng5 41. Rfe2 Qd7 42. Nd3 Rc8 43. Qa5 Qb7 
44. Nf2 Ne6 45. Nd3 Rc6 46. Qa3 Nc7 47. Qe7 Qb6 48. Rf1 Re6 49. Qa3 Nb5 
50. Qb2 Rc6 51. Rf3 Nc3 52. Re1 Rxe4 53. Ref1 Qc7 54. b4 Nb5 55. Nc5 Rd4 
56. Qb3+ Qf7 57. Qb2 Qc4 58. c3 Rd5 59. Re1 Nd6 60. Qc2 f5 61. Qa4 Rcxc5 
62. Qd7 e4 63. bxc5 exf3 64. Qe6+ Nf7 65. gxf3 Rxc5 66. Qg6 Rc8 67. Qxf5 Qxc3 
68. Rg1 Rc6 69. Qe4 Rf6 70. Qe8+ Kh7 71. Qe4+ g6 72. Rf1 Qe5 73. Qh4 Rf4 
74. Qg3 Qf5 75. Kh2 a5 76. h4 h5 77. Kg2 Ne5 78. Rf2 Rxf3 79. Rxf3 Qxf3+ 
80. Qxf3 Nxf3 
0-1

[Event "34th Chess Olympiad (women)"]
[Site "Istanbul"]
[Date "2000.11.01"]
[Round "5.35.1"]
[White "Minnaar, Michelle"]
[Black "Sanli, Emine"]
[WhiteElo "2062"]
[BlackElo "2000"]
[WhiteCountry "RSA"]
[BlackCountry "TURB"]
[Result "0-1"]

1. d4 Nf6 2. Nf3 e6 3. c3 c5 4. Bg5 d5 5. e3 Nbd7 6. Nbd2 Be7 7. Bd3 b6 
8. O-O Bb7 9. a4 a6 10. Ne5 Nxe5 11. dxe5 Nd7 12. Bxe7 Qxe7 13. f4 O-O-O 
14. Qe2 c4 15. Bc2 g5 16. Nf3 gxf4 17. exf4 Rdg8 18. Rf2 h5 19. Rd1 f6 
20. b3 cxb3 21. Bxb3 Nc5 22. Bc2 f5 23. Nd4 Rg6 24. Rd2 Kb8 25. c4 dxc4 
26. Qxc4 Bd5 27. Qxd5 exd5 
0-1

[Event "34th Chess Olympiad (women)"]
[Site "Istanbul"]
[Date "2000.11.01"]
[Round "5.35.2"]
[White "Meseli, Perihan"]
[Black "Meyer, Marany"]
[WhiteElo "2000"]
[BlackElo "2087"]
[WhiteCountry "TURB"]
[BlackCountry "RSA"]
[Result "0-1"]

1. e4 d6 2. d4 Nf6 3. Nc3 g6 4. Bg5 c6 5. f4 Bg7 6. Bd3 O-O 7. h3 b5 
8. Nf3 Nbd7 9. O-O Nh5 10. Ne2 a6 11. g4 Nhf6 12. f5 c5 13. c3 Bb7 14. Ng3 cxd4 
15. cxd4 d5 16. e5 Ne4 17. Qe1 f6 18. exf6 exf6 19. Bf4 g5 20. Be3 Nxg3 
21. Qxg3 Nb6 22. b3 Nc8 23. Bd2 Nd6 24. Bb4 Ne4 25. Bxe4 dxe4 26. Bxf8 Bxf8 
27. Nh2 Qxd4+ 28. Qf2 Bc5 29. Rad1 Qe5 30. Qxc5 Qxc5+ 
0-1

[Event "34th Chess Olympiad (women)"]
[Site "Istanbul"]
[Date "2000.11.01"]
[Round "5.35.3"]
[White "Frick, Denise"]
[Black "Aydin, Nazli"]
[WhiteElo "2000"]
[BlackElo "2000"]
[WhiteCountry "RSA"]
[BlackCountry "TURB"]
[Result "1/2-1/2"]

1. d4 d5 2. Nf3 Nf6 3. e3 Bf5 4. Bd3 Bxd3 5. Qxd3 Nc6 6. b3 e6 7. Bb2 Bd6 
8. O-O O-O 9. a3 a5 10. Nbd2 Ne7 11. c4 c6 12. Rac1 Ng6 13. Ne5 Bxe5 
14. dxe5 Nd7 15. f4 Qe7 16. Nf3 Nc5 17. Qc2 Ne4 18. cxd5 cxd5 19. Qc7 Rab8 
20. Qxa5 Rfc8 21. Rxc8+ Rxc8 22. Rc1 Rxc1+ 23. Bxc1 Qd7 24. a4 h6 25. Nd4 Qc8 
26. Ba3 Nf8 27. Qe1 Nd7 28. Qc1 Qd8 29. Bd6 Nxd6 30. exd6 Nf6 31. Qc7 Qe7 
32. Qd7 Nxd7 33. b4 Kf8 34. Kf2 Nb6 35. a5 Nc4 36. Nb5 Ke8 37. Ke2 Kd7 
38. Kd3 Nxd6 39. Nd4 Ne4 40. Nf3 f6 41. Kd4 Kc6 42. Ne1 Kb5 43. Nd3 g6 
44. g4 Nd6 45. Kc3 
1/2-1/2

[Event "34th Chess Olympiad (women)"]
[Site "Istanbul"]
[Date "2000.11.01"]
[Round "5.36.1"]
[White "Murioz, Carolina"]
[Black "Smith, Vivian"]
[WhiteElo "2000"]
[BlackElo "2000"]
[WhiteCountry "CRC"]
[BlackCountry "NZL"]
[Result "1/2-1/2"]

1. e4 d6 2. d4 Nf6 3. Nc3 g6 4. f4 Bg7 5. Nf3 O-O 6. Bd3 Na6 7. e5 Nd7 
8. Be3 c5 9. dxc5 dxe5 10. fxe5 Naxc5 11. Bxc5 Nxc5 12. Bc4 Be6 13. Qe2 Qc8 
14. Rd1 Rd8 15. O-O Bxc4 16. Qxc4 Ne6 17. Qe4 Rb8 18. Kh1 Qc6 19. Nd5 Bf8 
20. c4 Rbc8 21. b3 h6 22. Nh4 Ng5 23. Qf4 
1/2-1/2

[Event "34th Chess Olympiad (women)"]
[Site "Istanbul"]
[Date "2000.11.01"]
[Round "5.36.2"]
[White "Mikhailik, Eleonora"]
[Black "Ramirez, Karla"]
[WhiteElo "2000"]
[BlackElo "2000"]
[WhiteCountry "NZL"]
[BlackCountry "CRC"]
[Result "0-1"]

1. d4 f5 2. Nf3 Nf6 3. c4 g6 4. Nc3 Bg7 5. e3 d6 6. Qb3 Nc6 7. a3 e5 8. d5 Ne7 
9. Be2 h6 10. Qc2 O-O 11. h3 Bd7 12. Bd2 a6 13. Nh4 g5 14. Nf3 Qe8 15. Nh2 e4 
16. f4 exf3ep 17. gxf3 Ng6 18. O-O-O b5 19. cxb5 axb5 20. Na2 Nxd5 21. Qb3 Be6 
22. Bxb5 Qf7 23. Bc4 Rfb8 24. Nb4 c6 25. Qd3 Ne5 26. Qe2 Nxc4 
0-1

[Event "34th Chess Olympiad (women)"]
[Site "Istanbul"]
[Date "2000.11.01"]
[Round "5.36.3"]
[White "Vega, Carla"]
[Black "Courtney, Helen"]
[WhiteElo "2000"]
[BlackElo "2000"]
[WhiteCountry "CRC"]
[BlackCountry "NZL"]
[Result "1/2-1/2"]

1. e4 e6 2. d4 d5 3. exd5 exd5 4. Bd3 Nf6 5. Nf3 Bd6 6. O-O O-O 7. Bg5 h6 
8. Bh4 Nbd7 9. Nbd2 Re8 10. c3 c6 11. Qc2 Qc7 12. Rfe1 Rxe1+ 13. Rxe1 Qd8 
14. Ne5 Nf8 15. Ndf3 Be7 16. h3 Be6 17. g4 N6d7 18. Bg3 Nxe5 19. Bxe5 Qd7 
20. Bg3 Bd6 21. Ne5 Bxe5 22. Rxe5 f6 23. Re1 Re8 24. f3 Bf7 25. Rxe8 Qxe8 
26. Kf2 b5 27. Qe2 a5 28. Qxe8 Bxe8 29. b3 Ne6 30. Ke3 g5 31. a3 Kf7 
32. Bd6 Bd7 33. c4 bxc4 34. bxc4 Nd8 35. cxd5 cxd5 36. Bc7 Nc6 37. Bb5 Ke6 
38. Bxc6 Bxc6 39. Bxa5 Bb5 40. Be1 f5 41. Kf2 fxg4 42. hxg4 Be8 43. Kg3 Kf6 
44. f4 h5 45. fxg5+ Kxg5 46. gxh5 Bxh5 47. a4 Be8 48. a5 Bb5 49. Kf3 Kf5 
50. Ke3 Ba6 51. Bg3 Bc4 52. Kd2 Ke6 
1/2-1/2

[Event "34th Chess Olympiad (women)"]
[Site "Istanbul"]
[Date "2000.11.01"]
[Round "5.37.1"]
[White "Zepeda, Sonia"]
[Black "Wiesuriya, Vineetha"]
[WhiteElo "2046"]
[BlackElo "2000"]
[WhiteCountry "ESA"]
[BlackCountry "SRI"]
[Result "1-0"]

1. e4 c5 2. Nf3 Nc6 3. d4 cxd4 4. Nxd4 g6 5. c4 Bg7 6. Be3 a6 7. Qd2 d6 
8. Nc3 e5 9. Nc2 Be6 10. Be2 Qc7 11. O-O f5 12. exf5 Bxf5 13. Nd5 Qf7 
14. f4 Nf6 15. Nxf6+ Qxf6 16. fxe5 Qxe5 17. Bd3 O-O 18. b3 Bxd3 19. Qxd3 Qh5 
20. Rad1 Be5 21. Qd5+ Kg7 22. g3 Qe2 23. Qg2 Qxg2+ 24. Kxg2 Ne7 25. Bf2 Nf5 
26. Nb4 Rf7 27. Nd3 Re8 28. Rfe1 Rfe7 29. Nxe5 dxe5 30. Re4 Nh6 31. Bc5 Rf7 
32. Bd6 Rf5 33. g4 Rg5 34. Kf3 Nxg4 35. Rxg4 Rf5+ 36. Ke3 Kf7 37. Bb4 Rh5 
38. h4 Ke6 39. Ke4 Kf6 40. Rd6+ Re6 41. Rxe6+ Kxe6 42. Bd2 Rf5 43. Rg5 Kf6 
44. Rxf5+ gxf5+ 45. Kd5 f4 46. Ke4 Ke6 47. Bc3 f3 48. Kxf3 Kf5 49. b4 e4+ 
50. Ke3 Kg4 51. Bf6 Kf5 52. Bg5 Ke5 53. a4 Kf5 54. Kd4 h5 55. c5 e3 
56. Bxe3 Ke6 57. b5 Kd7 58. Kd5 Kc7 59. Bf4+ Kc8 60. c6 axb5 61. axb5 b6 
62. Kd6 Kd8 63. Be3 Kc8 64. Bxb6 Kb8 65. Kd7 Ka8 66. c7 Kb7 67. c8Q+ Kxb6 
68. Qc6+ Ka7 69. b6+ Kb8 70. Qc7+ Ka8 71. Qa7# 
1-0

[Event "34th Chess Olympiad (women)"]
[Site "Istanbul"]
[Date "2000.11.01"]
[Round "5.37.2"]
[White "Konama, Anupama"]
[Black "Pastor, Tahnya"]
[WhiteElo "2000"]
[BlackElo "2000"]
[WhiteCountry "SRI"]
[BlackCountry "ESA"]
[Result "1/2-1/2"]

1. Nf3 d5 2. d4 c6 3. g3 Bf5 4. Bg2 e6 5. O-O Nd7 6. Nbd2 Ngf6 7. c4 c5 
8. cxd5 exd5 9. b3 Be7 10. Bb2 O-O 11. dxc5 Bxc5 12. Nd4 Bg6 13. e3 Rc8 
14. N2f3 Re8 15. Ne2 Nb6 16. Nf4 Be4 17. Nd4 Bf8 18. Rc1 Qe7 19. Re1 Rxc1 
20. Bxc1 Bxg2 21. Kxg2 Qe4+ 22. Qf3 Qb1 23. Qe2 Rc8 24. Nd3 Ne4 25. Qb2 Qxb2 
26. Bxb2 a6 27. Rd1 Nf6 28. Nf4 Bd6 29. Nfe2 Kf8 30. Kf1 Bc5 31. Nf5 Be7 
32. Nxe7 Kxe7 33. Bxf6+ Kxf6 34. Rd2 Rc7 35. Nf4 Rc1+ 36. Kg2 Rc5 37. Kf3 a5 
38. Rb2 Rc7 39. Rd2 Rc5 40. Rb2 Rc7 41. Rd2 Rc5 42. Rb2 Rc7 
1/2-1/2

[Event "34th Chess Olympiad (women)"]
[Site "Istanbul"]
[Date "2000.11.01"]
[Round "5.37.3"]
[White "Nayda, Avalos"]
[Black "Rathayake, Chandra"]
[WhiteElo "2000"]
[BlackElo "2000"]
[WhiteCountry "ESA"]
[BlackCountry "SRI"]
[Result "1/2-1/2"]

1. e4 e6 2. d4 d5 3. exd5 exd5 4. Nc3 Be6 5. Bd3 Bd6 6. Nf3 Nf6 7. Bg5 Nbd7 
8. O-O c6 9. Re1 O-O 10. h3 h6 11. Be3 Qc7 12. Qd2 Rfe8 13. Ne2 Ne4 
14. Qc1 Ndf6 15. c4 dxc4 16. Bxc4 Rad8 17. Bxe6 Rxe6 18. Nf4 Ree8 19. Nd3 Nd5 
20. Qc2 Nef6 21. Bd2 Nd7 22. Rac1 Nf4 23. Bxf4 Bxf4 24. Nxf4 Qxf4 25. Rcd1 Nf6 
26. Qb3 Qc7 27. Qc4 Nd5 28. Rxe8+ Rxe8 29. Re1 Rxe1+ 30. Nxe1 Kf8 31. Qc5+ Qe7 
32. Nd3 Qxc5 33. Nxc5 b6 34. Nd7+ Ke8 35. Ne5 Ne7 36. Kf1 f6 37. Nd3 Nf5 
38. d5 cxd5 39. Nf4 Ne7 40. Ke2 Kd7 41. Kd3 Kd6 42. Nh5 g6 43. Nxf6 Ke6 
44. Ng4 h5 45. Ne3 Nc6 46. a3 Ne5+ 47. Kd4 Nc6+ 48. Kd3 Ne5+ 49. Kd4 Nc6+ 
50. Kd3 Ne5 
1/2-1/2

[Event "34th Chess Olympiad (women)"]
[Site "Istanbul"]
[Date "2000.11.01"]
[Round "5.38.1"]
[White "Phiri, Catherine"]
[Black "Pacheco, Hilzandryly"]
[WhiteElo "2000"]
[BlackElo "2000"]
[WhiteCountry "ZAM"]
[BlackCountry "PUR"]
[Result "0-1"]

1. e4 d5 2. exd5 Nf6 3. c4 e6 4. Be2 exd5 5. cxd5 Nxd5 6. Nf3 Be7 7. O-O O-O 
8. d4 Bf5 9. Bd3 Qd7 10. Ne5 Qe6 11. Re1 Bxd3 12. Nxd3 Qf5 13. Qb3 b6 
14. Re5 Qg6 15. Rxd5 Nc6 16. Nc3 Qxd3 17. Be3 a6 18. Rd1 Qg6 19. Ne2 Bd6 
20. Rg5 Qf6 21. a3 Rfe8 22. Qd5 g6 23. Kh1 Ne7 24. Qf3 Nf5 25. Rd3 Rad8 
26. d5 Rxe3 27. Rxe3 Qxg5 28. Re4 Qd2 29. b4 Qd1+ 30. Ng1 Qxf3 31. Nxf3 Kf8 
32. g4 Ne7 33. Rd4 h6 34. h4 a5 35. Nd2 axb4 36. axb4 Be5 37. Rc4 Rxd5 
38. Nf3 Bd6 39. Kg2 Rb5 40. g5 h5 41. Kh3 Rxb4 42. Rc2 Nf5 43. Ra2 Rf4 
44. Ra8+ Ke7 45. Ra3 Bxa3 46. Ne5 Rf3+ 47. Nxf3 Ke6 48. Nd2 c5 49. Nc4 Bb4 
50. Nxb6 Nd6 51. Na4 c4 52. Nb2 Ba3 53. Nd1 Nb5 54. f4 c3 55. Ne3 Nd4 
56. Kg3 c2 57. Nxc2 Nxc2 58. Kf3 Kf5 59. Kg3 Bd6 60. Kf3 Bxf4 61. Kg2 Kg4 
62. Kh1 Kxh4 63. Kg2 Bxg5 64. Kh1 Be3 65. Kg2 Kg4 66. Kh1 f5 67. Kg2 f4 
68. Kh1 f3 69. Kh2 f2 70. Kg2 Ne1+ 71. Kf1 Kg3 
0-1

[Event "34th Chess Olympiad (women)"]
[Site "Istanbul"]
[Date "2000.11.01"]
[Round "5.38.2"]
[White "Basem-Hassan, Mirian"]
[Black "Mtine, Joy"]
[WhiteElo "2000"]
[BlackElo "2000"]
[WhiteCountry "PUR"]
[BlackCountry "ZAM"]
[Result "1-0"]

1. e4 e5 2. Nc3 Bc5 3. Bc4 Nf6 4. d3 Nc6 5. f4 exf4 6. Nf3 Ng4 7. Bxf4 Nf2 
8. Qd2 Nxh1 9. Be3 Bxe3 10. Qxe3 d6 11. d4 Qe7 12. Nd5 Qd7 13. O-O-O Ng3 
14. hxg3 Na5 15. Bd3 c6 16. Nf4 b6 17. Qe2 Qg4 18. e5 d5 19. Qf2 g5 20. Ne2 Qh5 
21. Rf1 Be6 22. Qe1 g4 23. Rh1 Qxh1 24. Qxh1 gxf3 25. gxf3 O-O-O 26. Qh6 Kb7 
27. Nf4 Bc8 28. Nh5 c5 29. dxc5 Nc6 30. cxb6 axb6 31. f4 Bg4 32. Nf6 Bf3 
33. Qg7 Rdf8 34. a3 Nd4 35. Kd2 Ne6 36. Qh6 Rc8 37. Qh3 Rhd8 38. Qxh7 Rc7 
39. Qh2 Be4 40. Bxe4 dxe4+ 41. Ke3 Nd4 42. c3 Nf3 43. Qf2 Rd2 44. Qxd2 Nxd2 
45. Kxd2 Kc8 46. Nxe4 Rd7+ 47. Kc2 Kd8 48. b4 Ke7 49. a4 Ke6 50. a5 Kf5 
51. Nd6+ Kg4 52. axb6 Kxg3 53. b7 Rxb7 54. Nxb7 Kxf4 55. e6 fxe6 56. Kd3 e5 
57. Nc5 
1-0

[Event "34th Chess Olympiad (women)"]
[Site "Istanbul"]
[Date "2000.11.01"]
[Round "5.38.3"]
[White "Munsaka, Laura"]
[Black "Perez, Dolimar"]
[WhiteElo "2000"]
[BlackElo "2000"]
[WhiteCountry "ZAM"]
[BlackCountry "PUR"]
[Result "0-1"]

1. e4 e5 2. Nf3 Nc6 3. Bc4 Bc5 4. Nc3 Nf6 5. h3 O-O 6. O-O d6 7. d3 h6 
8. a3 Nd4 9. b4 Bb6 10. Bd2 Re8 11. a4 c6 12. a5 Bc7 13. Nxd4 exd4 14. Na4 d5 
15. exd5 cxd5 16. Bb5 Qd6 17. f3 Qh2+ 
0-1

[Event "34th Chess Olympiad (women)"]
[Site "Istanbul"]
[Date "2000.11.01"]
[Round "5.39.1"]
[White "Mak, Sharon"]
[Black "Lai, Xiaoqing"]
[WhiteElo "2000"]
[BlackElo "2000"]
[WhiteCountry "MAC"]
[BlackCountry "JPN"]
[Result "0-1"]

1. d4 d5 2. c4 e6 3. e3 Nf6 4. Nc3 Be7 5. Nf3 O-O 6. Be2 b6 7. b3 Bb7 
8. O-O Nbd7 9. Bb2 Rc8 10. Bd3 c5 11. Nb5 a6 12. Na3 Qc7 13. h3 Qb8 
14. Rc1 Rfd8 15. Qe2 Qa8 16. cxd5 Nxd5 17. e4 Nf4 18. Qe3 Nxd3 19. Qxd3 Bxe4 
20. Qe3 Bxf3 21. Qxf3 Qxf3 22. gxf3 cxd4 23. Bxd4 Bxa3 24. Rxc8 Rxc8 
25. Kh1 Rc1 26. Rxc1 Bxc1 27. h4 e5 28. Bc3 f5 29. Kg1 Kf7 30. Kf1 Ke6 
31. Ke2 Nf6 32. Kd1 Ba3 33. Ke2 Nd5 34. Bd2 Be7 35. h5 Nf6 
0-1

[Event "34th Chess Olympiad (women)"]
[Site "Istanbul"]
[Date "2000.11.01"]
[Round "5.39.2"]
[White "Watai, Miyoko"]
[Black "Choi, Kuan"]
[WhiteElo "2000"]
[BlackElo "2000"]
[WhiteCountry "JPN"]
[BlackCountry "MAC"]
[Result "1-0"]

1. e4 c6 2. Nf3 d6 3. d4 Bg4 4. Nc3 Bf3 5. Qf3 e6 6. Bd3 Nf6 7. Be3 g6 
8. Bg5 Nbd7 9. e5 de5 10. de5 Ne5 11. Qf6 Qf6 12. Bf6 Nd3+ 13. cd3 Rg8 
14. O-O Bg7 15. Ne4 Kd7 16. Bg7 Rg7 17. d4 f5 18. Nc3 b5 19. a3 Re7 20. Rfe1 e5 
21. de5 Rae8 22. f4 g5 23. fg5 Re5 24. Re5 Re5 25. Kf2 a5 26. Rd1+ Ke8 
27. g3 Ke7 28. Rd2 Ke6 29. h4 Rd5 30. Nd5 cd5 31. Ke3 b4 32. ab4 ab4 
33. Kd4 Kd6 34. Rc2 
1-0

[Event "34th Chess Olympiad (women)"]
[Site "Istanbul"]
[Date "2000.11.01"]
[Round "5.39.3"]
[White "Lee, Wing"]
[Black "Nakagawa, Emiko"]
[WhiteElo "2000"]
[BlackElo "2000"]
[WhiteCountry "MAC"]
[BlackCountry "JPN"]
[Result "1-0"]

1. e4 c6 2. d4 d5 3. Nc3 de4 4. Ne4 Nd7 5. Bc4 Ngf6 6. Qe2 Ne4 7. Qe4 Nf6 
8. Qd3 e6 9. Nf3 Qc7 10. c3 Be7 11. Bb3 O-O 12. Bc2 Rd8 13. Bg5 g6 14. Qe2 Nd5 
15. Be7 Qe7 16. O-O-O Qf6 17. g3 b6 18. h4 h6 19. Ne5 Bb7 20. f4 Ne7 21. h5 g5 
22. fg5 Qg5+ 23. Kb1 Nf5 24. Qd3 Qe3 25. Qf1 c5 26. Re1 Qg5 27. Rh4 Nh4 
28. Qf7+ Kh8 29. Qh7# 
1-0

[Event "34th Chess Olympiad (women)"]
[Site "Istanbul"]
[Date "2000.11.01"]
[Round "5.40.1"]
[White "Connolly, Suzanne"]
[Black "Hind, Bahji"]
[WhiteElo "2105"]
[BlackElo "2000"]
[WhiteCountry "IRL"]
[BlackCountry "MAR"]
[Result "1/2-1/2"]

1. e4 c5 2. Nf3 d6 3. d4 cd4 4. Nd4 Nf6 5. Nc3 a6 6. Be2 e6 7. Be3 Nc6 
8. O-O Be7 9. Kh1 O-O 10. f4 Qc7 11. Qe1 Bd7 12. Nb3 b5 13. Bf3 Bc8 14. Qg3 Re8 
15. a3 Bb7 16. Rf2 Rac8 17. Raf1 Na5 18. Na5 Qa5 19. e5 Nd5 20. Nd5 Bd5 
21. Bd5 ed5 22. f5 Bf8 23. f6 g6 24. ed6 Re6 25. Qh3 Bd6 26. Bd4 Rce8 
1/2-1/2

[Event "34th Chess Olympiad (women)"]
[Site "Istanbul"]
[Date "2000.11.01"]
[Round "5.40.2"]
[White "Kamal, Fatima"]
[Black "Quinn, Deborah"]
[WhiteElo "2000"]
[BlackElo "2000"]
[WhiteCountry "MAR"]
[BlackCountry "IRL"]
[Result "1/2-1/2"]

1. e4 e5 2. Nf3 Nc6 3. Bb5 a6 4. Ba4 Nf6 5. O-O Be7 6. Re1 b5 7. Bb3 d6 
8. h3 O-O 9. c3 Na5 10. Bc2 Bb7 11. d3 c5 12. Nbd2 Re8 13. Nf1 h6 14. Ng3 Bf8 
15. Nf5 d5 16. ed5 Qd5 17. Qe2 Re6 18. b4 e4 19. de4 Ne4 20. Be4 Qe4 
21. Qe4 Be4 22. Nh6+ gh6 23. ba5 Bf3 24. Re6 fe6 25. gf3 Bg7 26. Bd2 Rd8 
27. Be1 Rd3 28. Rc1 Rf3 29. Kg2 Rd3 30. Rc2 h5 31. f3 Bf6 32. c4 b4 33. Bf2 Bd4 
34. Bd4 Rd4 35. Kf2 Kf7 36. Kg3 h4+ 37. Kf2 Kf6 38. Ke3 Ke5 39. Rc1 Kf5 
40. Rc2 e5 41. Rc1 Rf4 
1/2-1/2

[Event "34th Chess Olympiad (women)"]
[Site "Istanbul"]
[Date "2000.11.01"]
[Round "5.40.3"]
[White "Shaughnessy, Elizabeth"]
[Black "Zahira, El"]
[WhiteElo "2000"]
[BlackElo "2000"]
[WhiteCountry "IRL"]
[BlackCountry "MAR"]
[Result "0-1"]

1. e4 c5 2. Nf3 d6 3. c3 Nd7 4. d4 cd4 5. cd4 e5 6. Bc4 Ngf6 7. Nc3 Be7 
8. O-O h6 9. Be3 a6 10. Rc1 O-O 11. Qc2 b5 12. Bd3 Bb7 13. de5 Ne5 14. Ne5 de5 
15. Qe2 Qa5 16. Bd2 Qd8 17. a3 Qd7 18. b4 Rfd8 19. Nd5 Bd5 20. ed5 Qd5 
21. Rc3 e4 22. Rd1 ed3 23. Qe7 Ne4 24. Rc7 Nd2 25. Rd2 Re8 26. Rd3 Re7 
0-1